00351pab a2200121 454500008004000000100002300040245007500063260000900138300001300147362001100160650002400171773003400195180718b2017 xxu||||| |||| 00| 0 eng d aThandi, Shinder S  aPromise of Punjabi diaspora: rhetoric and reality of failed engagement c2017 ap.58-61. a21 Jan aNonresident Indians aEconomic and Political Weekly